000 00440cam a2200181ua 4500
020 _cRs 3.00
041 _aeng
_h
082 _a320.58G
_bDES/GA
100 _aDeshpande, P G.
245 _aGandhiana /
_cP G Deshpande.
_hTextual Documents
260 _aAhmadabad :
_bNavajivan publishing house ,
_c1958.
300 _a370 ; .
365 _aRs 3.00
504 _a
650 _aGandhiana
942 _cBK
999 _c1123
_d1123